000 00665nam a2200205 i 4500
001 146628
003 ES-MaACL
005 20230906201618.0
007 t|
008 070913s1958 sp ||||1| spa d
080 _a940.42:341.35
100 1 _aToynbee, Arnold Joseph.
_9111194
245 1 3 _aLa guerra y los neutrales /
_cArnold Joseph Toynbee ; [traducción directa del inglés por Luis Solano Costa].
250 _a[1ª ed.].
260 _aBarcelona :
_bA.H.R.,
_c[1958]
300 _a437 p. ;
_c21 cm.
650 1 4 _aGuerra mundial, 1939-1945-
_zPaíses neutrales.
_913250
700 1 _aSolano Costa, Luis.
_9107084
852 _aES-MaACL
_jC-15433
_bR.43252
999 _c146628
_d146628